00541nam a2200181Ia 450000500170000000800410001702000150005808200130007310000130008624500750009926000280017430000180020265000110022065000120023194200060024395200950024999900150034420241008055332.0240331s9999 xx 000 0 und d a041505527X bTRAa820 aTraub, V 0aDesire and anxiety :bcirculations of sexuality in Shakespearean drama aLondonbRoutledgec1992 axii, 182 p ., aGender aCulture cL 001040708LaWERCLbWERCLcSSCd2024-03-31l0o 820 TRAp3805r2024-03-31w2024-03-31yL c3169d3169